[Event "Andalucia-chT Honor Oriental"]
[Site "Andalucia"]
[Date "2018.11.18"]
[Round "7.28"]
[White "Perez Tores, Juan Miguel"]
[Black "Galvez Extremera, Francisco"]
[Result "1-0"]
[WhiteElo "2215"]
[BlackElo "2142"]
[PlyCount "87"]
[EventDate "2018.09.30"]
[EventType "team-tourn"]
[EventRounds "7"]
[EventCountry "ESP"]
[SourceTitle "EXT 2020"]
[Source "ChessBase"]
[SourceDate "2019.10.17"]
[SourceVersion "1"]
[SourceVersionDate "2019.10.17"]
[SourceQuality "1"]
[WhiteTeam "Caja Granada"]
[BlackTeam "Casino Primitivo"]
[WhiteTeamCountry "ESP"]
[BlackTeamCountry "ESP"]

1. e4 c6 2. Nc3 d5 3. Qf3 dxe4 4. Nxe4 Nd7 5. d4 Ngf6 6. Bd3 Nxe4 7. Bxe4 Nf6 8. Ne2 Bg4 9. Qd3 Nxe4 10. Qxe4 Qd7 11. Ng3 h5 12. f3 Be6 13. h4 0-0-0 14. Be3 Bd5 15. Qd3 Qc7 16. Ne2 e5 17. Qf5+ Be6 18. Qxe5 Bd6 19. Qe4 Bc4 20. Qf5+ Kb8 21. Kf2 Rhe8 22. Rhe1 Qe7 23. Bg5 f6 24. Nc3 Qc7 25. Rxe8 Rxe8 26. Bd2 Qb6 27. Ne4 Qxd4+ 28. Be3 Bg3+ 29. Kxg3 Qxe3 30. Qf4+ Qxf4+ 31. Kxf4 Kc7 32. Kf5 Bf7 33. Rd1 Re5+ 34. Kf4 Rd5 35. Rxd5 Bxd5 36. b3 b6 37. Kf5 Bf7 38. g4 Kd7 39. g5 fxg5 40. Nxg5 Be8 41. Ne6 Ke7 42. Nxg7 Bd7+ 43. Kg5 c5 44. Nxh5 1-0

[Event "ESP-ch rapid"]
[Site "Linares"]
[Date "2018.08.19"]
[Round "3"]
[White "Galvez Extremera, Francisco"]
[Black "Fernandez Diaz, Ignacio"]
[Result "0-1"]
[WhiteElo "2142"]
[BlackElo "2071"]
[PlyCount "52"]
[EventDate "2018.08.19"]
[EventType "swiss (rapid)"]
[EventRounds "9"]
[EventCountry "ESP"]
[SourceTitle "CBM 186 Extra"]
[Source "ChessBase"]
[SourceDate "2018.08.24"]
[SourceVersion "1"]
[SourceVersionDate "2018.08.24"]
[SourceQuality "1"]

1. e4 e5 2. Nf3 Nc6 3. Nc3 Nf6 4. d4 exd4 5. Nd5 Be7 6. Bf4 d6 7. Nxd4 Nxd5 8. exd5 Nxd4 9. Qxd4 Bf6 10. Qe3+ Qe7 11. 0-0-0 Qxe3+ 12. Bxe3 0-0 13. Bb5 a6 14. Ba4 b5 15. Bb3 a5 16. a4 Bg4 17. f3 Bd7 18. axb5 a4 19. Bc4 a3 20. bxa3 Rxa3 21. Kd2 Re8 22. Bd3 Bc3+ 23. Ke2 Bd4 24. Bxh7+ Kxh7 25. Rxd4 Raxe3+ 26. Kf2 Re2+ 0-1

[Event "ESP-ch rapid"]
[Site "Linares"]
[Date "2018.08.19"]
[Round "6"]
[White "Tejedor Fuente, Enrique"]
[Black "Galvez Extremera, Francisco"]
[Result "1-0"]
[WhiteElo "2408"]
[BlackElo "2142"]
[PlyCount "68"]
[EventDate "2018.08.19"]
[EventType "swiss (rapid)"]
[EventRounds "9"]
[EventCountry "ESP"]
[SourceTitle "CBM 186 Extra"]
[Source "ChessBase"]
[SourceDate "2018.08.24"]
[SourceVersion "1"]
[SourceVersionDate "2018.08.24"]
[SourceQuality "1"]

1. e4 c6 2. Nc3 d5 3. Nf3 dxe4 4. Nxe4 Nf6 5. Qe2 Bf5 6. d3 e6 7. Nxf6+ Qxf6 8. g3 Bg4 9. Bg2 Bb4+ 10. Kf1 Na6 11. h3 Bh5 12. g4 Bg6 13. c3 Qd8 14. d4 Be7 15. h4 h5 16. Ne5 Bh7 17. Qf3 0-0 18. gxh5 Bxh4 19. Qg4 Bf6 20. Bf4 Nc7 21. Rg1 Qe7 22. Re1 Rad8 23. Be4 Bxe4 24. Rxe4 Nd5 25. Bh6 Kh7 26. Bxg7 Rg8 27. h6 Bg5 28. Qxg5 Qxg5 29. Rxg5 f6 30. Nf7 Rd7 31. Ne5 fxe5 32. Rgxe5 Rf7 33. Rxe6 Rd8 34. Re8 Rxe8 1-0

[Event "ESP-ch rapid"]
[Site "Linares"]
[Date "2015.08.22"]
[Round "9"]
[White "Espinosa Aranda, Angel"]
[Black "Galvez Extremera, Francisco"]
[Result "1-0"]
[WhiteElo "2427"]
[BlackElo "2151"]
[PlyCount "61"]
[EventDate "2015.08.22"]
[EventType "swiss (rapid)"]
[EventRounds "9"]
[EventCountry "ESP"]
[SourceTitle "EXT 2016"]
[Source "ChessBase"]
[SourceDate "2015.10.08"]
[SourceVersion "1"]
[SourceVersionDate "2015.10.08"]
[SourceQuality "1"]

1. b3 e5 2. Bb2 Nc6 3. e3 d5 4. Bb5 Bd6 5. f4 f6 6. fxe5 fxe5 7. Bxc6+ bxc6 8. Bxe5 Nf6 9. Bxd6 Qxd6 10. Nf3 Ba6 11. Nc3 0-0 12. Ne2 Ng4 13. h3 Bxe2 14. Kxe2 Nf6 15. d3 Rad8 16. Rg1 c5 17. Qd2 Qa6 18. Kf2 c4 19. Rgd1 c5 20. Kg1 Qb6 21. Rf1 cxd3 22. cxd3 c4 23. Nd4 cxd3 24. Qxd3 Ne4 25. Qb5 Rxf1+ 26. Rxf1 Qh6 27. Nf5 Qg5 28. h4 Qf6 29. Qb4 h6 30. Ne7+ Kh7 31. Rxf6 1-0

[Event "ESP-ch rapid"]
[Site "Linares"]
[Date "2015.08.22"]
[Round "4"]
[White "Galvez Extremera, Francisco"]
[Black "Fier, Alexandr"]
[Result "0-1"]
[WhiteElo "2151"]
[BlackElo "2636"]
[PlyCount "62"]
[EventDate "2015.08.22"]
[EventType "swiss (rapid)"]
[EventRounds "9"]
[EventCountry "ESP"]
[SourceTitle "EXT 2016"]
[Source "ChessBase"]
[SourceDate "2015.10.08"]
[SourceVersion "1"]
[SourceVersionDate "2015.10.08"]
[SourceQuality "1"]

1. e4 c5 2. d4 cxd4 3. c3 Nf6 4. e5 Nd5 5. Nf3 g6 6. Qb3 Nb6 7. Ng5 d5 8. exd6 e6 9. Ne4 Bxd6 10. Bb5+ Nc6 11. Bh6 Bf8 12. Bg5 Be7 13. Bh6 f5 14. Ng3 Qd5 15. Qxd5 Nxd5 16. Bg7 Rg8 17. Bxd4 Bd7 18. Bxc6 Bxc6 19. 0-0 Nf4 20. f3 Nd3 21. Nd2 e5 22. Bf2 Nxf2 23. Kxf2 Bc5+ 24. Ke2 0-0-0 25. Rfd1 h5 26. h3 h4 27. Ngf1 e4 28. fxe4 Rge8 29. Ne3 Bxe4 30. Nxe4 Rxe4 31. Rxd8+ Kxd8 0-1

[Event "Jaen 1st"]
[Site "Jaen"]
[Date "2013.08.14"]
[Round "6"]
[White "Lalic, Bogdan"]
[Black "Galvez Extremera, Francisco"]
[Result "1-0"]
[WhiteElo "2484"]
[BlackElo "2180"]
[PlyCount "77"]
[EventDate "2013.08.12"]
[EventType "tourn"]
[EventRounds "9"]
[EventCountry "ESP"]
[SourceTitle "CBM 155 Extra"]
[Source "ChessBase"]
[SourceDate "2013.08.26"]
[SourceVersion "1"]
[SourceVersionDate "2013.08.26"]
[SourceQuality "1"]

1. d4 Nf6 2. Nf3 g6 3. c4 Bg7 4. Nc3 0-0 5. e4 d6 6. Be2 e5 7. 0-0 Nc6 8. d5 Ne7 9. Ne1 Nd7 10. Be3 f5 11. f3 f4 12. Bf2 g5 13. Rc1 Ng6 14. Nb5 b6 15. b4 Nf6 16. c5 Rf7 17. cxd6 cxd6 18. Qc2 Bf8 19. Nc7 Rb8 20. Ne6 Bxe6 21. dxe6 Rg7 22. Nd3 h5 23. b5 d5 24. exd5 g4 25. Kh1 Nxd5 26. Qb3 Kh8 27. Rfd1 g3 28. Nxe5 gxf2 29. Rxd5 Qh4 30. Nf7+ Kh7 31. Bd3 Be7 32. Ne5 Rbg8 33. Rf1 Kh6 34. Nf7+ Kh7 35. Qc2 Bc5 36. Rg5 Be7 37. Rxg6 Rxg6 38. Bxg6+ Rxg6 39. Ne5 1-0

[Event "Jaen 1st"]
[Site "Jaen"]
[Date "2013.08.12"]
[Round "2"]
[White "Galvez Extremera, Francisco"]
[Black "Cruz Ravina, Francisco Javier"]
[Result "0-1"]
[WhiteElo "2180"]
[BlackElo "2345"]
[PlyCount "126"]
[EventDate "2013.08.12"]
[EventType "tourn"]
[EventRounds "9"]
[EventCountry "ESP"]
[SourceTitle "CBM 155 Extra"]
[Source "ChessBase"]
[SourceDate "2013.08.26"]
[SourceVersion "1"]
[SourceVersionDate "2013.08.26"]
[SourceQuality "1"]

1. e4 e6 2. d4 c5 3. Nf3 cxd4 4. c3 Nf6 5. e5 Nd5 6. cxd4 Nc6 7. Bd3 d6 8. 0-0 Ndb4 9. Be4 d5 10. Bd3 Nxd3 11. Qxd3 Be7 12. a3 a5 13. b3 b6 14. Re1 Ba6 15. Qd1 h6 16. Ra2 Rc8 17. Rc2 Qd7 18. Re3 0-0 19. Rec3 Na7 20. Ne1 Rxc3 21. Rxc3 Qb5 22. Nd3 Rc8 23. Rxc8+ Nxc8 24. Nf4 Bg5 25. Nc3 Qc6 26. Nfe2 Be7 27. Bb2 Na7 28. h3 Nb5 29. Nxb5 Bxb5 30. Qc1 Qxc1+ 31. Nxc1 a4 32. b4 Bc4 33. g3 Kf8 34. f3 h5 35. h4 g5 36. hxg5 Bxg5 37. f4 Bh6 38. Kf2 h4 39. gxh4 Bxf4 40. Ne2 Bxe2 41. Kxe2 b5 42. Kf3 Bh6 43. Kg4 Kg7 44. Kh5 Bd2 45. Kg4 Kh6 46. Kf3 Kh5 47. Kg3 Be1+ 48. Kf3 Bxh4 49. Kf4 Bg5+ 50. Kg3 Bd2 51. Kf3 Kg5 52. Ke2 Bf4 53. Kd3 Kf5 54. Bc3 Bc1 55. Kc2 Bxa3 56. Bd2 Ke4 57. Kc3 Kf3 58. Bg5 Ke2 59. Bh6 Kd1 60. Bg5 Bc1 61. Be7 a3 62. Kb3 Bb2 63. Bc5 Kd2 0-1

[Event "Jaen 1st"]
[Site "Jaen"]
[Date "2013.08.12"]
[Round "1"]
[White "Renteria Becerra, Jorge Elicer"]
[Black "Galvez Extremera, Francisco"]
[Result "1/2-1/2"]
[WhiteElo "2317"]
[BlackElo "2180"]
[PlyCount "102"]
[EventDate "2013.08.12"]
[EventType "tourn"]
[EventRounds "9"]
[EventCountry "ESP"]
[SourceTitle "CBM 155 Extra"]
[Source "ChessBase"]
[SourceDate "2013.08.26"]
[SourceVersion "1"]
[SourceVersionDate "2013.08.26"]
[SourceQuality "1"]

1. e4 e5 2. Nf3 Nc6 3. d4 exd4 4. Nxd4 Bc5 5. Nxc6 Qf6 6. Qf3 bxc6 7. Nd2 d6 8. Bd3 Qxf3 9. gxf3 Ne7 10. Nb3 Bb6 11. a4 a5 12. Rg1 Ng6 13. Be3 Bxe3 14. fxe3 Ne5 15. Be2 0-0 16. f4 Ng6 17. 0-0-0 Ba6 18. Bf3 Nh4 19. Bh1 Be2 20. Rde1 Bf3 21. Rg3 Bxh1 22. Rxh1 f5 23. Rhg1 Rf7 24. Rh3 Ng6 25. exf5 Ne7 26. Nd4 c5 27. Ne6 Nxf5 28. Ng5 Re7 29. Nxh7 Rxe3 30. Nf6+ Kf7 31. Rxe3 Nxe3 32. Ne4 Rh8 33. Ng5+ Kf6 34. h3 Rh4 35. Ne4+ Kf7 36. Ng5+ Kf6 37. Ne4+ Kf5 38. Nf2 g6 39. Rg3 Rxf4 40. Nd3 Re4 41. Rf3+ Kg5 42. Rf7 Nd5 43. b3 c4 44. bxc4 Rxc4 45. Nb2 Rc5 46. Nd3 Rc4 47. Nb2 Rf4 48. Rd7 Rf1+ 49. Kd2 Rf2+ 50. Kc1 c6 51. Rxd6 c5 1/2-1/2

[Event "Jaen op 21st"]
[Site "Jaen"]
[Date "2011.02.06"]
[Round "7"]
[White "Guerra Bastida, Diego"]
[Black "Galvez Extremera, Francisco"]
[Result "1-0"]
[WhiteElo "2413"]
[BlackElo "2163"]
[PlyCount "89"]
[EventDate "2011.02.06"]
[EventType "swiss (rapid)"]
[EventRounds "9"]
[EventCountry "ESP"]
[SourceTitle "CBM 140 Extra"]
[Source "ChessBase"]
[SourceDate "2011.03.01"]
[SourceVersion "1"]
[SourceVersionDate "2011.03.01"]
[SourceQuality "1"]

1. d4 Nf6 2. c4 e5 3. dxe5 Ng4 4. Nc3 Nxe5 5. e3 Nbc6 6. Nh3 Ng6 7. Bd3 Bb4 8. 0-0 Bxc3 9. bxc3 d6 10. Qh5 Nce5 11. Be2 Be6 12. f4 Bxh3 13. fxe5 Be6 14. exd6 Qxd6 15. Rd1 Qe5 16. Qf3 c6 17. Ba3 Qxc3 18. Bd6 Rd8 19. c5 Nh4 20. Qf4 Nf5 21. Rab1 Nxd6 22. cxd6 Rd7 23. Ba6 0-0 24. Bxb7 Bd5 25. e4 Qc5+ 26. Kh1 Bxa2 27. Rbc1 Qh5 28. Bxc6 Rdd8 29. Bd5 Bxd5 30. Rxd5 Qe2 31. d7 a5 32. h3 a4 33. Qh4 Qa6 34. Qe7 a3 35. Ra1 a2 36. Rd2 Qb5 37. Raxa2 Qf1+ 38. Kh2 Qf4+ 39. g3 Qf1 40. Rac2 h5 41. e5 Qf3 42. Qxd8 Rxd8 43. Rc8 h4 44. Rxd8+ Kh7 45. Rh8+ 1-0

[Event "Barcelona Sants op 12th"]
[Site "Barcelona"]
[Date "2009.08.21"]
[Round "1"]
[White "Milov, Leonid"]
[Black "Galvez Extremera, Francisco"]
[Result "1-0"]
[WhiteElo "2562"]
[BlackElo "2102"]
[PlyCount "41"]
[EventDate "2009.08.21"]
[EventType "swiss"]
[EventRounds "10"]
[EventCountry "ESP"]
[SourceTitle "CBM 131 Extra"]
[Source "ChessBase"]
[SourceDate "2009.09.03"]
[SourceVersion "2"]
[SourceVersionDate "2009.09.16"]
[SourceQuality "1"]

1. e4 c6 2. d4 d5 3. Nd2 dxe4 4. Nxe4 Nf6 5. Nxf6+ gxf6 6. c3 Bf5 7. Nf3 e6 8. g3 Bd6 9. Bg2 Nd7 10. Nh4 Bg6 11. 0-0 Qc7 12. Qe2 0-0-0 13. b4 f5 14. a4 f4 15. b5 c5 16. a5 c4 17. Nxg6 hxg6 18. Ra4 Kb8 19. b6 Nxb6 20. axb6 Qxb6 21. Bxf4 1-0

[Event "ESP-chT Gp1"]
[Site "Burguillos"]
[Date "2008.08.15"]
[Round "4"]
[White "Martin Prieto, Oscar"]
[Black "Galvez Extremera, Francisco"]
[Result "1-0"]
[WhiteElo "2097"]
[BlackElo "2125"]
[PlyCount "33"]
[EventDate "2008.08.13"]
[EventType "team"]
[EventRounds "6"]
[EventCountry "ESP"]
[SourceTitle "CBM 126 Extra"]
[Source "ChessBase"]
[SourceDate "2008.11.05"]
[SourceVersion "1"]
[SourceVersionDate "2008.11.05"]
[SourceQuality "1"]

1. e4 c6 2. d4 d5 3. exd5 cxd5 4. Bd3 Nc6 5. c3 Nf6 6. h3 e5 7. dxe5 Nxe5 8. Qe2 Qe7 9. Be3 Bd7 10. Nf3 Nxd3+ 11. Qxd3 Qe4 12. Qd4 Bd6 13. Nbd2 Qe6 14. 0-0 0-0 15. Rfe1 Rfe8 16. Bf4 Ne4 17. Bxd6 1-0

[Event "Andalucia-ch"]
[Site "Granada"]
[Date "1991.??.??"]
[Round "7"]
[White "Galvez Extremera, Francisco"]
[Black "Oliva Lobato, Pedro A"]
[Result "1/2-1/2"]
[WhiteElo "2100"]
[BlackElo "2225"]
[PlyCount "106"]
[EventDate "1991.??.??"]
[EventType "swiss"]
[EventRounds "7"]
[EventCountry "ESP"]
[SourceTitle "EXT 2000"]
[Source "ChessBase"]
[SourceDate "1999.11.16"]
[SourceVersion "1"]
[SourceVersionDate "1999.11.16"]
[SourceQuality "1"]

1. e4 c5 2. Nf3 Nc6 3. d4 cxd4 4. Nxd4 Nf6 5. Nc3 e5 6. Ndb5 d6 7. Nd5 Nxd5 8. exd5 Nb8 9. a4 Be7 10. Be2 0-0 11. 0-0 f5 12. f4 a6 13. Na3 Nd7 14. Nc4 e4 15. Be3 b6 16. Qd2 Kh8 17. Kh1 Bb7 18. Rfd1 a5 19. Na3 Bf6 20. Rab1 Nc5 21. Bb5 Qc7 22. b3 h6 23. Nc4 Rad8 24. Bd4 Kh7 25. Bxf6 Rxf6 26. Qd4 Rdf8 27. c3 Nd3 28. Rxd3 exd3 29. Nxb6 R6f7 30. Bxd3 Qc5 31. Qxc5 dxc5 32. Re1 Rd8 33. Re5 Rd6 34. Re6 Rf6 35. Bxf5+ g6 36. Re7+ Kh8 37. Rxb7 Rxb6 38. Rxb6 Rxb6 39. Bc2 Kg7 40. c4 g5 41. fxg5 hxg5 42. Kg1 Rf6 43. h3 Rf4 44. g3 Rd4 45. Bf5 Kf6 46. Bd7 Rd3 47. Kf2 Rxb3 48. Bb5 Rd3 49. Kg2 Ke5 50. Bc6 Rd4 51. Bb5 Ke4 52. Kf2 Rd2+ 53. Ke1 Ke3 1/2-1/2

[Event "Andalucia-ch"]
[Site "Granada"]
[Date "1991.??.??"]
[Round "5"]
[White "Manzano Gutierrez, Jose Manuel"]
[Black "Galvez Extremera, Francisco"]
[Result "1/2-1/2"]
[WhiteElo "2280"]
[BlackElo "2100"]
[PlyCount "101"]
[EventDate "1991.??.??"]
[EventType "swiss"]
[EventRounds "7"]
[EventCountry "ESP"]
[SourceTitle "EXT 2000"]
[Source "ChessBase"]
[SourceDate "1999.11.16"]
[SourceVersion "1"]
[SourceVersionDate "1999.11.16"]
[SourceQuality "1"]

1. d4 Nf6 2. c4 g6 3. Nc3 Bg7 4. e4 d6 5. Nf3 0-0 6. Be2 e5 7. 0-0 Nc6 8. d5 Ne7 9. Ne1 Nd7 10. Nd3 f5 11. Bd2 Nf6 12. f3 f4 13. g4 h5 14. h3 hxg4 15. hxg4 Nh5 16. gxh5 Nf5 17. Rf2 Qg5+ 18. Rg2 Ng3 19. h6 Bh3 20. Bf1 Bxh6 21. Nf2 Bxg2 22. Bxg2 Nh5 23. Ng4 Nf6 24. Bh3 Rf7 25. Qf1 Rh7 26. Qg2 Bf8 27. Nxf6+ Qxf6 28. Be6+ Kg7 29. Kf2 Be7 30. Rh1 Rah8 31. Rxh7+ Rxh7 32. Ke2 Qf8 33. Bf5 Rh6 34. Nd1 Bh4 35. Be1 Bxe1 36. Kxe1 Qh8 37. Nf2 Qh7 38. Qg5 Rh5 39. Qe7+ Kh8 40. Qf8+ Qg8 41. Qxg8+ Kxg8 42. Bg4 Rh7 43. Nh3 Kf8 44. Ke2 Ke7 45. b4 Kf6 46. c5 b6 47. Kd3 Rh8 48. cxd6 cxd6 49. a4 Rh7 50. Kc4 a6 51. Kb3 1/2-1/2